UM Logo

Elements of literature: (Record no. 2532)

MARC details
000 -LEADER
fixed length control field 00457nam a22001457a 4500
008 - FIXED-LENGTH DATA ELEMENTS--GENERAL INFORMATION
fixed length control field 160516b xxu||||| |||| 00| 0 eng d
020 ## - INTERNATIONAL STANDARD BOOK NUMBER
International Standard Book Number 978-0-03-079143-7
082 ## - DEWEY DECIMAL CLASSIFICATION NUMBER
Edition number 2008
Classification number DC 808.819
Item number El1
245 ## - TITLE STATEMENT
Title Elements of literature:
Remainder of title third course.
260 ## - PUBLICATION, DISTRIBUTION, ETC. (IMPRINT)
Place of publication, distribution, etc. Orlando, Florida:
Name of publisher, distributor, etc. Holt, Rinehart and Winston,
Date of publication, distribution, etc. c2008.
300 ## - PHYSICAL DESCRIPTION
Extent [various paging]:
Other physical details color illustrations;
Dimensions 26 cm.
500 ## - GENERAL NOTE
General note Includes index.
650 #0 - SUBJECT ADDED ENTRY--TOPICAL TERM
9 (RLIN) 8369
Topical term or geographic name as entry element Literature
942 ## - ADDED ENTRY ELEMENTS (KOHA)
Source of classification or shelving scheme Dewey Decimal Classification
Koha item type Circulation
Holdings
Withdrawn status Lost status Source of classification or shelving scheme Damaged status Not for loan Collection code Home library Current library Date acquired Source of acquisition Total Checkouts Full call number Barcode Date last seen Date last checked out Copy number Price effective from Koha item type
    Dewey Decimal Classification     Circulation UM Digos College - LIC UM Digos College - LIC 04/22/2013 Purchased 2 DC 808.819 El1 2008 22073 06/08/2021 11/29/2017 1 05/16/2016 Circulation